Transferencias y justicia intergeneracionales /
Gardado en:
| Autor Principal: | |
|---|---|
| Outros autores: | , |
| Formato: | Electrónico eBook |
| Idioma: | Lingua castelá |
| Publicado: |
Ciudad de México, México :
El Colegio de México,
2023.
|
| Edición: | Primera edición. |
| Series: | Colección Miradas múltiples para pensar a México y al mundo ;
05. |
| Subjects: | |
| Acceso en liña: | Digitalia Hispánica |
| Tags: |
Engadir etiqueta
Sen Etiquetas, Sexa o primeiro en etiquetar este rexistro!
|
MARC
| LEADER | 00000nam a2200000 i 4500 | ||
|---|---|---|---|
| 001 | DIGCOLMX0522 | ||
| 003 | NyNyDIG | ||
| 006 | m o d | ||
| 007 | cr ||||||||||| | ||
| 008 | 231209s2023 mx a ob 000 0 spa d | ||
| 035 | |a (OCoLC)1414666753 | ||
| 040 | |a DGITA |b eng |e rda |e pn |c DGITA | ||
| 020 | |a 9786075645414 |q eBook | ||
| 020 | |z 9786075645124 |q (volumen 05) | ||
| 043 | |a n-mx--- | ||
| 050 | 1 | 4 | |a HM726 ebook |
| 245 | 0 | 0 | |a Transferencias y justicia intergeneracionales / |c José Ramón Cossío, Vicente Ugalde, editores. |
| 250 | |a Primera edición. | ||
| 264 | 1 | |a Ciudad de México, México : |b El Colegio de México, |c 2023. | |
| 300 | |a 1 online resource : |b illustrations. | ||
| 336 | |a text |b txt |2 rdacontent | ||
| 337 | |a computer file |b c |2 rdamedia | ||
| 338 | |a online resource |b cr |2 rdacarrier | ||
| 347 | |a text file |2 rdaft | ||
| 347 | |b EPUB | ||
| 490 | 1 | |a Colección Miradas múltiples para pensar a México y al mundo ; |v 05 | |
| 504 | |a Includes bibliographical references. | ||
| 588 | 0 | |a Online resource; title from ePub title page (Digitalia, viewed December 9, 2023) | |
| 650 | 0 | |a Intergenerational relations |z Mexico. | |
| 650 | 0 | |a Public health |z Mexico. | |
| 700 | 1 | |a Cossío Díaz, José Ramón, |e editor. | |
| 700 | 1 | |a Ugalde, Vicente, |e editor. | |
| 700 | 1 | |a Nava Bolaños, Isalia, |e author. | |
| 776 | 0 | 8 | |i Print version: |t Transferencias y justicia intergeneracionales. |b Primera edición. |d Ciudad de México, México : El Colegio de México, 2023 |z 9786075645124 |
| 791 | 2 | |a Digitalia (Firm), |e distributor. | |
| 793 | 0 | |g Digitalia eBook Collection: |a El Colegio de México | |
| 830 | 0 | |a Colección Miradas múltiples para pensar a México y al mundo ; |v 05. | |
| 856 | 4 | 0 | |3 Digitalia Hispánica |u https://digitalia.unach.elogim.com/a/131891/ |
| 910 | |a Premium collection: 2023 | ||